000 003010000a22000970004500
100 1 _aCogan, Mordechai
245 1 0 _aFor we, like you, worship your God. Theree biblical portrayals of Samaritan origins
300 _a38, Num. 3 (Julio, 1988), Páginas 286-292
773 0 _tVetus Testamentum
942 _cANA
999 _c57420
_d57420